Statistics for Minecraft Music Quiz

Click here to take the quiz!

General Stats

  • This quiz has been taken 77 times
  • The average score is 45 of 76

Answer Stats

OST AlbumSong TypeSong% Correct
Volume AlphaOverworldSweden
94%
Volume AlphaDiscCat
89%
Volume BetaOverworldAria Math
86%
Volume AlphaOverworldDry Hands
86%
Volume AlphaDiscThirteen
86%
Volume AlphaUnusedMoog City
83%
Volume AlphaOverworldWet Hands
83%
Volume BetaDiscEleven
81%
Volume AlphaOverworldMinecraft
81%
Volume AlphaOverworldSubwoofer Lullaby
81%
Volume AlphaUnusedBeginning
78%
Volume AlphaOverworldMice on Venus
78%
Nether UpdateDiscPigstep
78%
Volume BetaEndThe End
78%
Volume AlphaUnusedDog
75%
Volume BetaMenuMoog City 2
75%
Volume BetaDiscStal
72%
Volume AlphaOverworldClark
69%
Volume AlphaOverworldDanny
69%
Volume AlphaOverworldKey
69%
Volume BetaDiscMellohi
67%
Volume BetaMenuBeginning 2
64%
Volume BetaDiscBlocks
64%
Volume BetaDiscChirp
64%
Volume BetaUnusedKi
64%
Volume AlphaOverworldLiving Mice
64%
Volume BetaDiscMall
64%
Volume BetaDiscStrad
64%
Volume BetaEnd PoemAlpha
61%
Volume AlphaUnusedDoor
61%
Volume AlphaUnusedDroopy Likes Your Face
61%
Volume BetaMenuFloating Trees
61%
Volume AlphaOverworldOxygène
61%
Volume BetaDiscWait
61%
Volume BetaNetherDead Voxel
58%
Volume AlphaUnusedEquinoxe
58%
Volume BetaDiscFar
58%
Volume AlphaOverworldHaggstrom
58%
Volume BetaDiscWard
58%
Volume AlphaUnusedChris
56%
Volume BetaNetherConcrete Halls
56%
Volume BetaOverworldDreiton
56%
Volume BetaUnusedFlake
56%
Volume BetaMenuMutation
56%
Caves & CliffsDiscOtherside
56%
N/AUnderwaterAxolotl
53%
Volume BetaOverworldBiome Fest
53%
Volume BetaOverworldBlind Spots
53%
Volume AlphaUnusedDeath
53%
Volume AlphaUnusedExcuse
53%
Wild UpdateDiscFive
53%
Volume BetaOverworldHaunt Muskie
53%
Volume BetaUnusedKyoto
53%
Volume BetaOverworldTaswell
53%
Volume BetaNetherWarmth
53%
Volume AlphaUnusedDroopy Likes Ricochet
50%
Caves & CliffsOverworldInfinite Amethyst
50%
Nether UpdateNetherRubedo
50%
Caves & CliffsOverworldAncestry
47%
Volume BetaNetherBallad of the Cats
47%
Nether UpdateNetherChrysopoeia
47%
N/AUnderwaterDragon Fish
47%
Wild UpdateOverworldAerie
44%
N/AEndBoss
44%
Nether UpdateNetherSo Below
44%
Wild UpdateOverworldFirebugs
42%
Volume BetaUnusedIntro
42%
N/AUnderwaterShuniji
42%
Caves & CliffsOverworldAn Ordinary Day
39%
Caves & CliffsOverworldFloating Dream
39%
Wild UpdateOverworldLabyrinthine
39%
Caves & CliffsOverworldLeft to Bloom
39%
Caves & CliffsOverworldOne More Day
39%
Caves & CliffsOverworldStand Tall
39%
Caves & CliffsOverworldWending
39%
Caves & CliffsOverworldComforting Memories
36%

Score Distribution

Percentile by Number Answered

Percent of People with Each Score

Your Score History

You have not taken this quiz